00875 a2200217 45000010006000000050017000060080041000230030015000640400040000790800022001192450022001410200018001632640043001813000019002245050265002431000030005087000024005387000030005627000041005927000024006332815020260407155553.0260407a1998 arg spa dAR-UNSa-BCEJYS aAR-UNSa-BCEJYSbspacAR-UNSa-BCEJYS a657xContabilidad10aTeoría Contable a950-537-422-4 1aBuenos Aires :bEdiciones Macchic1998 a413 p.c23 cm. a1. La contabilidad y sus objetivos - 2. La información contable - 3. El proceso conatable y la estructura patrimonial y de resultados - 4. Reconocimiento contable de las variaciones patrimoniales - 5. Aspectos legales y profesionales de las normas contables.1 aChaves, Osvaldo Argentino1 aChyrikins, Héctor1 aDealecsandris, Ricardo P.1 aPahlen Acuña, Ricardo Jose María1 aViegas, Juan Carlos